000 00980nam a2200253 a 4500
001 000043356
005 20201002040836.0
008 140311s1979 sp 001 0 spa d
020 _a8434465140
040 _aDO-SdBNP
_bspa
_cBNPHU
100 1 _aVovelle, Michelle
_971007
240 1 0 _aLa chute de la monarcie, 1787-1792
_lespañol
245 1 3 _aNueva historia de la Francia contemporánea :
_bla Caída de la Monarquía 1787-1792 /
_cMichel Vovelle; traducción de Clara Camps.
260 _aBarcelona :
_bAriel,
_c1979.
300 _a313 p. :
_bil., ;
_c23 cm.
490 1 _aAriel Historia
_v26
500 _aIncluye índice
504 _aBibliografía : p. [295]-302
500 _aIncluye datos biográficos del autor en la solapa de la cubierta
504 _aIncluye referencias bibliográficas y notas al pie de las páginas
500 _aUn solvente estudio sobre la revolución francesa
700 1 _aCamps, Clara
_etr.
_971008
830 0 _aAriel Historia
_v26
_99024
999 _c42845
_d42845